00881 2200229 4500001002100000005001700021008004100038035002500079040001200104082001400116084001900130100002200149245021200171260006500383300004100448500007300489504002900562650001700591700001300608850001200621990001800633INLIS00000000000780920150909093826.0  a0010-071500000000492 aYOPDYOG 223a658.4 aSK 658.4 Dya P aDYAH AYU LORO ATI aPeranan kepemimpinan lurah dalam meningkatkan disiplin kerja pegawaibStudi penelitian kualitatif di kantor Kelurahan Sorosutan Kencamatan Umbulharjo, Propinsi Daerah Istimewa Yogyakartac/ Dyah Ayu Loro Ati aYogyakartabSekolah Tinggi Pembangunan Masyarakat Desac2007 aviii, 78 lembarb: ilus.c; 29,7 cm. aSkripsi Ilmu Pemerintahan Sekolah Tinggi Pembangunan Masyarakat Desa aBibliografi : hlm. 77-78 aKepemimpinan aMudjiono aYOPDYOG a46801-PD/A.15